Discurso leido por el Excm. Sr. D. Antonio Maura y Montaner... en la sesión inaugural del Curso de 1897 a 1898 en 26 de noviembre de 1897. (Record no. 159200)

MARC details
000 -LEADER
campo de control de longitud fija 00861nam a2200193 i 4500
001 - NÚMERO DE CONTROL
campo de control 159200
003 - IDENTIFICADOR DE NÚMERO DE CONTROL
campo de control ES-MaACL
005 - FECHA Y HORA DE LA ÚLTIMA TRANSACCIÓN
campo de control 20260127062551.0
008 - DATOS DE LONGITUD FIJA--INFORMACIÓN GENERAL
campo de control de longitud fija 931025s1897 sp |||| | spa d
100 1# - ENTRADA PRINCIPAL--NOMBRE DE PERSONA
Nombre de persona Maura y Montaner, Antonio,
Fechas asociadas al nombre 1853-1925
9 (RLIN) 79224
245 10 - MENCIÓN DEL TÍTULO
Título Discurso leido por el Excm. Sr. D. Antonio Maura y Montaner... en la sesión inaugural del Curso de 1897 a 1898 en 26 de noviembre de 1897.
260 ## - PUBLICACIÓN, DISTRIBUCIÓN, ETC.
Lugar de publicación, distribución, etc. Madrid :
Nombre del editor, distribuidor, etc. [s.n.],
Fecha de publicación, distribución, etc. 1897 (
Fabricante Imprenta de los hijos de M.G. Hernández)
300 ## - DESCRIPCIÓN FÍSICA
Extensión 46 p. ;
Dimensiones 25 cm.
505 8# - NOTA DE CONTENIDO CON FORMATO
Nota de contenido con formato Tema del discurso: Propiedad de personas jurídicas, amortización, vinculación
650 04 - PUNTO DE ACCESO ADICIONAL DE MATERIA--TÉRMINO DE MATERIA
Término de materia o nombre geográfico como elemento de entrada Personas jurídicas.
9 (RLIN) 15979
700 ## - ENTRADA AGREGADA--NOMBRE PERSONAL
Nombre de persona Real Academia de Jurisprudencia y Legislación de España
9 (RLIN) 217612
852 ## - LOCALIZACIÓN
Ubicación ES-MaACL
Número de control de estantería T-819-F-2
Nota libre -- Enc. hol., conservando la enc. original
Holdings
Estatus retirado Estado de pérdida Estado de daño No para préstamo Colección Biblioteca de origen Biblioteca actual Ubicación en estantería Fecha de adquisición Total de préstamos Signatura topográfica completa Código de barras Visto por última vez Precio de reemplazo Tipo de ítem Koha
        Colección de folletos Biblioteca del Ateneo de Madrid Biblioteca del Ateneo de Madrid Depósito folletos 17/01/2008   T-819-F-2 1166658 23/02/2023 23/02/2023 Folleto